Statistics for Cities in Squares on a Map - North America

Click here to take the quiz!

General Stats

  • This quiz has been taken 9,911 times
  • The average score is 21 of 35

Answer Stats

City % Correct
New York City
98%
Los Angeles
97%
Mexico City
95%
Seattle
94%
Chicago
94%
Houston
92%
Toronto
90%
Havana
89%
Boston
86%
Anchorage
83%
Denver
82%
Phoenix
80%
Panama City
79%
Atlanta
79%
Calgary
66%
San Jose
66%
Kingston
60%
Santo Domingo
60%
Jacksonville
59%
Milwaukee
58%
Winnipeg
56%
Honolulu
55%
Managua
47%
Monterrey
46%
Oklahoma City
45%
Tegucigalpa
45%
Cancún
39%
Providence
38%
Saskatoon
35%
St John's
31%
Billings
29%
Sioux Falls
26%
Puerto Vallarta
7%
Culiacán
4%
Willemstad
3%

Score Distribution

Percentile by Number Answered

Percent of People with Each Score

Your Score History

You have not taken this quiz